The Marketer (Record no. 50386)

MARC details
000 -LEADER
fixed length control field 00467nam a2200145 a 4500
008 - FIXED-LENGTH DATA ELEMENTS--GENERAL INFORMATION
fixed length control field 120416s2004 ||||||||||||||||| || u
050 ## - LIBRARY OF CONGRESS CALL NUMBER
Classification number ZIM(05)
245 14 - TITLE STATEMENT
Title The Marketer
246 ## - VARYING FORM OF TITLE
Title proper/short title Zambia Institute of Marketing
250 ## - EDITION STATEMENT
Edition statement 3rd quarte
260 ## - PUBLICATION, DISTRIBUTION, ETC.
Place of publication, distribution, etc. Lusaka
Name of publisher, distributor, etc. NC Communications
Date of publication, distribution, etc. 2004
300 ## - PHYSICAL DESCRIPTION
Extent 28p. : ill.
350 ## - PRICE (NR) (BK AM CF MU VM SE) [OBSOLETE]
Price 0.00
995 ## - RECOMMENDATION 995 [LOCAL, UNIMARC FRANCE]
-- 0.00
-- CBU-MAIN LIBRARY (Kitwe)
-- 1
-- 0.00
-- AVAILABLE
-- Zambiana Collection
Holdings
Withdrawn status Lost status Source of classification or shelving scheme Damaged status Not for loan Home library Current library Shelving location Date acquired Total Checkouts Full call number Barcode Date last seen Price effective from Koha item type
          CBU-MAIN LIBRARY, KITWE. CBU-MAIN LIBRARY, KITWE.   11/30/2022   ZIM(05) 9019149 11/30/2022 11/30/2022 MONOGRAPH